Normal view MARC view

Entry Personal Name

Number of records used in: 2

001 - CONTROL NUMBER

  • control field: 121458

003 - CONTROL NUMBER IDENTIFIER

  • control field: OSt

005 - DATE AND TIME OF LATEST TRANSACTION

  • control field: 20220918211826.0

008 - FIXED-LENGTH DATA ELEMENTS

  • fixed length control field: 220918|| aca||aabn | a|a d

040 ## - CATALOGING SOURCE

  • Original cataloging agency: OSt
  • Transcribing agency: OSt

100 ## - HEADING--PERSONAL NAME

  • Personal name: White R Clyde

670 ## - SOURCE DATA FOUND

  • Source citation: Work cat.: (OSt)248915: White R Clyde, Administration of public welfare, 1950
Copyright @ Delhi University Library System